Statistiche per Paesi più vicini allo Yemen

Clicka qui per fare il quiz!

Statistiche generali

  • Questo quiz è stato fatto 46 volte
  • Il punteggio medio è 16 su 20

Statistiche sulle risposte

kmnazione% Corretto
0Arabia Saudita
97%
0Oman
97%
133Somalia
95%
29Eritrea
90%
109Etiopia
90%
858Iran
90%
615Qatar
90%
442Emirati Arabi Uniti
87%
1212Iraq
87%
839Egitto
85%
480Sudan
82%
985Kenya
79%
1106Kuwait
79%
1493Giordania
77%
771Bahrain
74%
20Gibuti
74%
1206Pakistan
74%
1070Sud Sudan
69%
1504Afghanistan
67%
1397Uganda
54%

Distribuzione punteggi

Percentile per numero di risposta

Percentuale di utenti per punteggio

I tuoi punteggi nel tempo

Non hai fatto questo quiz